000 00456nmm a2200169Ia 4500
008 251105s9999||||xx |||||||||||||||||und||
020 _a9788498791662
041 _aspa
100 _aRivera Dorado, Miguel
245 0 _aDragones y dioses
264 _a[Madrid, España] :
_bTrotta Editorial,
_c2010
300 _a328 páginas
490 _aParadigmas
650 _aMythology
856 _uhttps://public.digitaliapublishing.com/a/17044
942 _cCF
999 _c91996
_d91996